[Event "Oberliga Baden 1314"]
[Site "Germany"]
[Date "2013.10.13"]
[Round "1.6"]
[White "Stankovic, Zeljko"]
[Black "Muheim, Sebastien"]
[Result "1-0"]
[WhiteElo "2228"]
[BlackElo "2049"]
[PlyCount "46"]
[EventDate "2013.10.13"]
[EventType "team-tourn"]
[EventRounds "9"]
[EventCountry "GER"]
[SourceTitle "EXT 2015"]
[Source "ChessBase"]
[SourceDate "2014.11.20"]
[SourceVersion "1"]
[SourceVersionDate "2014.11.20"]
[SourceQuality "1"]
[WhiteTeam "Dreisamtal"]
[BlackTeam "Zaehringen"]
[WhiteTeamCountry "GER"]
[BlackTeamCountry "GER"]

1. d4 f5 2. g3 Nf6 3. Bg2 g6 4. Nh3 Bg7 5. c4 0-0 6. Nc3 d6 7. d5 c6 8. 0-0 a5 9. Nf4 Bd7 10. dxc6 bxc6 11. c5 e5 12. Nfd5 cxd5 13. Bxd5+ Nxd5 14. Qxd5+ Rf7 15. Qxa8 Bc6 16. Bg5 Qc7 17. cxd6 Qb6 18. Nd5 Qb5 19. Nc7 Qb4 20. a3 Qe4 21. Qxb8+ Rf8 22. Qb3+ Kh8 23. Qf3 Qa4 1-0

[Event "FRA-ch U18"]
[Site "Montlucon"]
[Date "2011.04.24"]
[Round "9"]
[White "Stepenko, Roman"]
[Black "Muheim, Sebastien"]
[Result "1/2-1/2"]
[WhiteElo "1929"]
[BlackElo "2101"]
[PlyCount "85"]
[EventDate "2011.04.17"]
[EventType "swiss"]
[EventRounds "9"]
[EventCountry "FRA"]
[SourceTitle "CBM 142 Extra"]
[Source "ChessBase"]
[SourceDate "2011.06.27"]
[SourceVersion "1"]
[SourceVersionDate "2011.06.27"]
[SourceQuality "1"]

1. e4 c5 2. Nf3 d6 3. Bb5+ Nd7 4. d4 cxd4 5. Qxd4 e5 6. Qd3 h6 7. Nc3 Ngf6 8. h3 Be7 9. Be3 a6 10. Bxd7+ Bxd7 11. a4 b5 12. axb5 axb5 13. 0-0 0-0 14. Nd2 b4 15. Nd5 Nxd5 16. exd5 Qc7 17. f4 f5 18. fxe5 dxe5 19. Rfd1 f4 20. Qb3 Bd6 21. Bf2 Bf5 22. Nc4 Rxa1 23. Rxa1 Rc8 24. Nxd6 Qxd6 25. c4 bxc3 26. bxc3 Bd3 27. Ra7 Rb8 28. Rb7 Rxb7 29. Qxb7 Be4 30. Qc8+ Kh7 31. c4 Qg6 32. Qg4 Qxg4 33. hxg4 Kg6 34. Bh4 Kf7 35. Bd8 Bd3 36. Bc7 Bxc4 37. Bxe5 g5 38. d6 Be6 39. Kf2 Bxg4 40. g3 fxg3+ 41. Kxg3 Bd7 42. Bc3 Ke6 43. Kg4 1/2-1/2

[Event "Rhein Main op 13th"]
[Site "Bad Homburg"]
[Date "2010.06.03"]
[Round "2"]
[White "Milov, Leonid"]
[Black "Muheim, Sebastien"]
[Result "1-0"]
[WhiteElo "2562"]
[BlackElo "2112"]
[PlyCount "49"]
[EventDate "2010.06.02"]
[EventType "swiss"]
[EventRounds "7"]
[EventCountry "GER"]
[SourceTitle "EXT 2011"]
[Source "ChessBase"]
[SourceDate "2010.11.26"]
[SourceVersion "1"]
[SourceVersionDate "2010.11.26"]
[SourceQuality "1"]

1. e4 c5 2. Nf3 d6 3. d4 Nf6 4. Nc3 cxd4 5. Nxd4 a6 6. Bg5 Nbd7 7. Qe2 g6 8. f4 Bg7 9. 0-0-0 Qa5 10. Nb3 Qc7 11. g3 0-0 12. Bg2 Nb6 13. e5 dxe5 14. Qxe5 Qxe5 15. fxe5 Ng4 16. Bxe7 Re8 17. Bc5 Nc4 18. Nd5 Bxe5 19. c3 Bf5 20. h3 Nf6 21. Ne7+ Rxe7 22. Bxe7 Nd7 23. Nd4 Bxd4 24. Rxd4 Nde5 25. Rhd1 1-0

[Event "FRA-ch U16"]
[Site "Troyes"]
[Date "2010.04.18"]
[Round "9"]
[White "Loiseau, Quentin"]
[Black "Muheim, Sebastien"]
[Result "1-0"]
[WhiteElo "2185"]
[BlackElo "2053"]
[PlyCount "125"]
[EventDate "2010.04.11"]
[EventType "swiss"]
[EventRounds "9"]
[EventCountry "FRA"]
[SourceTitle "EXT 2012"]
[Source "ChessBase"]
[SourceDate "2011.11.24"]
[SourceVersion "1"]
[SourceVersionDate "2011.11.24"]
[SourceQuality "1"]

1. d4 e6 2. c4 f5 3. g3 Nf6 4. Bg2 c6 5. Nf3 d5 6. 0-0 Bd6 7. b3 Qe7 8. a4 a5 9. Ba3 Na6 10. Bxd6 Qxd6 11. Na3 0-0 12. Nc2 Nb4 13. c5 Qc7 14. Nxb4 axb4 15. Qd2 Qa5 16. Ne5 Rb8 17. Rfc1 Bd7 18. Nd3 b6 19. Qxb4 Qxb4 20. Nxb4 bxc5 21. Na6 Rxb3 22. Nxc5 Rb4 23. e3 Ra8 24. Nxd7 Nxd7 25. Rxc6 Rbxa4 26. Rxa4 Rxa4 27. Rxe6 Ra1+ 28. Bf1 Nf6 29. Rb6 Kf7 30. Ra6 Rd1 31. Ra2 Ne4 32. Kg2 g5 33. Be2 Rc1 34. Bd3 Rc7 35. Ra5 Ke6 36. Ra6+ Kf7 37. Bxe4 dxe4 38. Ra5 Kf6 39. g4 fxg4 40. Re5 Re7 41. Rxe7 Kxe7 42. Kf1 Kd6 43. Ke2 Kd5 44. Kd2 Kc4 45. Kc2 Kb4 46. Kb2 h6 47. Kc1 Kc4 48. Kc2 h5 49. Kb2 Kb4 50. Kc1 Kb5 51. Kb1 Kc4 52. Kc2 h4 53. Kb2 g3 54. fxg3 Kd3 55. d5 Kxe3 56. d6 Kf2 57. d7 e3 58. d8Q e2 59. Qf6+ Kg2 60. Qe5 Kf1 61. Qf5+ Kg2 62. Qe4+ Kxh2 63. gxh4 1-0

[Event "FRA-ch U16"]
[Site "Troyes"]
[Date "2010.04.13"]
[Round "4"]
[White "Muheim, Sebastien"]
[Black "Ider, Borya"]
[Result "1/2-1/2"]
[WhiteElo "2053"]
[BlackElo "2283"]
[PlyCount "106"]
[EventDate "2010.04.11"]
[EventType "swiss"]
[EventRounds "9"]
[EventCountry "FRA"]
[SourceTitle "EXT 2012"]
[Source "ChessBase"]
[SourceDate "2011.11.24"]
[SourceVersion "1"]
[SourceVersionDate "2011.11.24"]
[SourceQuality "1"]

1. d4 e6 2. c4 Nf6 3. Nc3 Bb4 4. a3 Bxc3+ 5. bxc3 c5 6. f3 d5 7. cxd5 Nxd5 8. Qd3 b6 9. e4 Ba6 10. Qd2 Bxf1 11. Kxf1 Ne7 12. Ne2 Nbc6 13. dxc5 bxc5 14. Qxd8+ Rxd8 15. Be3 c4 16. Kf2 0-0 17. Rab1 f5 18. exf5 Rxf5 19. Rb7 Ra5 20. Rc1 Nf5 21. Rc7 Ne5 22. Nf4 Rxa3 23. Rc2 Nd3+ 24. Nxd3 Rxd3 25. Bxa7 Rdxc3 26. Rxc3 Rxc3 27. Ke1 Rc2 28. Bf2 h5 29. Rc6 Kf7 30. g4 hxg4 31. fxg4 Ne7 32. Rc7 Ke8 33. Bg3 g6 34. Kd1 Rc3 35. Be1 Rd3+ 36. Ke2 Rd4 37. h3 Nd5 38. Rc5 Re4+ 39. Kf2 Kd7 40. Bd2 Kd6 41. Rc8 Ke5 42. Kf3 Rd4 43. Ke2 Re4+ 44. Kf3 Rd4 45. Ke2 Nf4+ 46. Ke1 Re4+ 47. Kf1 Nxh3 48. Kg2 Nf4+ 49. Kf3 Nd5 50. Rc5 Kd6 51. Kxe4 Kxc5 52. Ke5 c3 53. Bc1 Nc7 1/2-1/2

[Event "Hastings Masters op 85th"]
[Site "Hastings"]
[Date "2009.12.30"]
[Round "3"]
[White "Muheim, Sebastien"]
[Black "Furman, Boris"]
[Result "1/2-1/2"]
[WhiteElo "2040"]
[BlackElo "2223"]
[PlyCount "65"]
[EventDate "2009.12.28"]
[EventType "swiss"]
[EventRounds "9"]
[EventCountry "ENG"]
[SourceTitle "CBM 134 Extra"]
[Source "ChessBase"]
[SourceDate "2010.03.03"]
[SourceVersion "1"]
[SourceVersionDate "2010.03.03"]
[SourceQuality "1"]

1. d4 Nf6 2. c4 e6 3. Nc3 Bb4 4. a3 Bxc3+ 5. bxc3 c5 6. e3 0-0 7. Bd3 Nc6 8. Ne2 b6 9. Ng3 e5 10. d5 Na5 11. 0-0 Ba6 12. Qe2 e4 13. Nxe4 Nxe4 14. Bxe4 Bxc4 15. Bd3 Qh4 16. e4 Rae8 17. f4 Bxd5 18. Qc2 Bb3 19. Qd2 c4 20. Bb1 Ba4 21. Ra2 Nb3 22. Qe3 Bc6 23. Re2 Bxe4 24. Bxe4 d5 25. Bxh7+ Kxh7 26. Qxe8 Rxe8 27. Rxe8 Qf6 28. Rf3 Nxc1 29. f5 Kh6 30. Rh3+ Kg5 31. Rg3+ Kf4 32. Rf3+ Kg5 33. Rg3+ 1/2-1/2

[Event "St Chely d'Aubrac op 9th"]
[Site "St Chely d'Aubrac"]
[Date "2009.07.13"]
[Round "3"]
[White "Saucey, Michel"]
[Black "Muheim, Sebastien"]
[Result "1-0"]
[WhiteElo "2366"]
[BlackElo "2035"]
[PlyCount "67"]
[EventDate "2009.07.11"]
[EventType "swiss"]
[EventRounds "9"]
[EventCountry "FRA"]
[SourceTitle "EXT 2010"]
[Source "ChessBase"]
[SourceDate "2010.11.25"]
[SourceVersion "1"]
[SourceVersionDate "2010.11.25"]
[SourceQuality "1"]

1. d4 f5 2. g3 Nf6 3. Bg2 g6 4. c4 Bg7 5. Nf3 0-0 6. Nc3 d6 7. d5 Na6 8. 0-0 Bd7 9. Nd4 Qc8 10. b3 c5 11. Nc2 Ne4 12. Nxe4 Bxa1 13. Nxd6 exd6 14. Nxa1 Qc7 15. Qd2 Rae8 16. Bb2 Rf7 17. Nc2 Ree7 18. Ne1 Kf8 19. Nf3 Ke8 20. Ng5 Rf8 21. h4 Kd8 22. Bc3 Kc8 23. e3 h6 24. Nh3 Nb8 25. Qb2 Rg8 26. Bf6 Rf7 27. Nf4 Be8 28. Ne6 Qb6 29. Bg7 g5 30. Bxh6 gxh4 31. gxh4 Rh7 32. Bg5 Nd7 33. Qc2 Bg6 34. Nf4 1-0

[Event "Rhein Main op 12th"]
[Site "Bad Homburg"]
[Date "2009.06.13"]
[Round "6"]
[White "Haase, Reinhard"]
[Black "Muheim, Sebastien"]
[Result "1-0"]
[WhiteElo "2148"]
[BlackElo "2031"]
[PlyCount "47"]
[EventDate "2009.06.10"]
[EventType "swiss"]
[EventRounds "7"]
[EventCountry "GER"]
[SourceTitle "CBM 131 Extra"]
[Source "ChessBase"]
[SourceDate "2009.09.03"]
[SourceVersion "2"]
[SourceVersionDate "2009.09.16"]
[SourceQuality "1"]

1. d4 f5 2. Nf3 Nf6 3. g3 g6 4. b4 Bg7 5. Bb2 0-0 6. c4 d6 7. Bg2 c6 8. 0-0 Qe8 9. Nbd2 a5 10. a3 Nbd7 11. Qc2 e5 12. dxe5 dxe5 13. e4 f4 14. c5 h6 15. Nc4 Nh7 16. Bh3 Ng5 17. Nxg5 hxg5 18. Nd6 Qe7 19. Rfd1 g4 20. Nxc8 Raxc8 21. Bxg4 Rcd8 22. Qb3+ Kh7 23. gxf4 Nf6 24. Qh3+ 1-0

[Event "Rhein Main op 12th"]
[Site "Bad Homburg"]
[Date "2009.06.12"]
[Round "4"]
[White "Schindele, Andreas"]
[Black "Muheim, Sebastien"]
[Result "0-1"]
[WhiteElo "1797"]
[BlackElo "2031"]
[PlyCount "78"]
[EventDate "2009.06.10"]
[EventType "swiss"]
[EventRounds "7"]
[EventCountry "GER"]
[SourceTitle "CBM 131 Extra"]
[Source "ChessBase"]
[SourceDate "2009.09.03"]
[SourceVersion "2"]
[SourceVersionDate "2009.09.16"]
[SourceQuality "1"]

1. d4 f5 2. Nf3 Nf6 3. c3 g6 4. Nbd2 Bg7 5. Qc2 0-0 6. e4 fxe4 7. Nxe4 Nxe4 8. Qxe4 d5 9. Qc2 c5 10. Bg5 Nc6 11. dxc5 Qa5 12. 0-0-0 Bg4 13. Be2 Qxa2 14. Qb1 Qa5 15. Rxd5 Be6 16. Rd2 Rac8 17. Be3 b5 18. Nd4 Nxd4 19. cxd4 Rfd8 20. b4 Qa6 21. h4 Bf7 22. h5 e5 23. hxg6 Bxg6 24. Qa2+ Qxa2 25. Rxa2 exd4 26. Bd2 d3 27. Bh5 Bf5 28. Rxa7 Ra8 29. Ra5 Rdc8 30. Be3 Bc3 31. Bf3 Rxa5 32. Bd5+ Kf8 33. bxa5 Bxa5 34. Rh6 Bg6 35. Rh4 Bc3 36. Kd1 b4 37. Bf4 Kg7 38. Bd6 Re8 39. Rh1 d2 0-1

[Event "Rhein Main op 12th"]
[Site "Bad Homburg"]
[Date "2009.06.11"]
[Round "2"]
[White "Karabalis, Harilos"]
[Black "Muheim, Sebastien"]
[Result "1-0"]
[WhiteElo "2246"]
[BlackElo "2031"]
[PlyCount "69"]
[EventDate "2009.06.10"]
[EventType "swiss"]
[EventRounds "7"]
[EventCountry "GER"]
[SourceTitle "CBM 131 Extra"]
[Source "ChessBase"]
[SourceDate "2009.09.03"]
[SourceVersion "2"]
[SourceVersionDate "2009.09.16"]
[SourceQuality "1"]

1. e4 c5 2. Ne2 Nf6 3. Nbc3 d6 4. d4 cxd4 5. Nxd4 a6 6. f3 e6 7. g4 h6 8. Be3 b5 9. Qd2 b4 10. Nce2 e5 11. Nf5 d5 12. 0-0-0 Nc6 13. Kb1 Be6 14. g5 hxg5 15. Bxg5 d4 16. Nc1 Qb6 17. Bd3 Nd7 18. Qg2 Nc5 19. h4 b3 20. cxb3 Na5 21. b4 Qxb4 22. Bd2 Qb6 23. Bxa5 Qxa5 24. Nxg7+ Kd7 25. Nxe6 Nxe6 26. Bc4 Rh6 27. Qg8 Ke8 28. h5 Qb6 29. Nd3 Rb8 30. Rd2 Qa5 31. Rc2 Nd8 32. Bd5 Qb5 33. Nxe5 d3 34. Rd2 Qb4 35. Rhd1 1-0

[Event "Rhein Main op 12th"]
[Site "Bad Homburg"]
[Date "2009.06.11"]
[Round "3"]
[White "Muheim, Sebastien"]
[Black "Will, Dominik"]
[Result "1/2-1/2"]
[WhiteElo "2031"]
[BlackElo "1931"]
[PlyCount "91"]
[EventDate "2009.06.10"]
[EventType "swiss"]
[EventRounds "7"]
[EventCountry "GER"]
[SourceTitle "CBM 131 Extra"]
[Source "ChessBase"]
[SourceDate "2009.09.03"]
[SourceVersion "2"]
[SourceVersionDate "2009.09.16"]
[SourceQuality "1"]

1. d4 Nf6 2. c4 g6 3. Nc3 Bg7 4. e4 d6 5. f3 0-0 6. Be3 a6 7. Bd3 Nc6 8. Nge2 Re8 9. Qd2 Rb8 10. 0-0 e5 11. d5 Ne7 12. b4 Nd7 13. Ng3 Rf8 14. Qc2 b6 15. Rab1 h5 16. Na4 h4 17. Ne2 f5 18. Bf2 h3 19. g3 Nf6 20. Nec3 Qd7 21. c5 b5 22. c6 Qe8 23. Nb2 fxe4 24. fxe4 Ng4 25. Nbd1 Bh6 26. Qe2 Kg7 27. a4 bxa4 28. Nxa4 Nf6 29. Be3 Neg8 30. Nac3 Bg4 31. Qd2 Qc8 32. Bxh6+ Nxh6 33. Ne3 Nf7 34. Nc2 Nh7 35. Be2 Bxe2 36. Qxe2 Nfg5 37. Rxf8 Qxf8 38. Rf1 Qe7 39. Qxa6 Rf8 40. Qe2 Rxf1+ 41. Qxf1 Qf6 42. Qxf6+ Kxf6 43. Nb5 Nf3+ 44. Kf2 Nxh2 45. Ne3 Ng5 46. Nc3 1/2-1/2

[Event "Baden-ch op"]
[Site "Badenweiler"]
[Date "2009.06.05"]
[Round "6"]
[White "Muheim, Sebastien"]
[Black "Herbrechtsmeier, Christof"]
[Result "1-0"]
[WhiteElo "2031"]
[BlackElo "2279"]
[PlyCount "126"]
[EventDate "2009.06.01"]
[EventType "swiss"]
[EventRounds "9"]
[EventCountry "GER"]
[SourceTitle "EXT 2010"]
[Source "ChessBase"]
[SourceDate "2010.11.25"]
[SourceVersion "1"]
[SourceVersionDate "2010.11.25"]
[SourceQuality "1"]

1. d4 Nf6 2. c4 g6 3. Nc3 d5 4. e3 Bg7 5. Qb3 dxc4 6. Bxc4 0-0 7. Nf3 Nc6 8. Qa3 Bg4 9. Nd2 Qd6 10. Qxd6 cxd6 11. f3 Bd7 12. a3 Rac8 13. Bd3 Be6 14. Kf2 Nd5 15. Nxd5 Bxd5 16. Ne4 f5 17. Nc3 Bb3 18. Bd2 Bh6 19. Ne2 e5 20. Bc3 e4 21. Bb1 exf3 22. gxf3 Rce8 23. f4 Re6 24. Nc1 Bc4 25. Ba2 Bxa2 26. Nxa2 Ne7 27. Nb4 a5 28. Nc2 b6 29. Rac1 Nd5 30. Bd2 Rfe8 31. Rhe1 R6e7 32. b4 Ra7 33. bxa5 bxa5 34. a4 Nf6 35. Na3 d5 36. Nb5 Rae7 37. Kf3 Bf8 38. Nc7 Rb8 39. Bxa5 Rb3 40. Rc6 Ng4 41. Nxd5 Ra7 42. Bc3 Rxa4 43. h3 Nh6 44. Rc7 Ra6 45. Rc1 Nf7 46. Rc8 Kg7 47. Nc7 Ba3 48. Nxa6 Bxc1 49. Nc5 Ra3 50. d5+ Kh6 51. Ne6 Kh5 52. Rc7 g5 53. Ng7+ Kh4 54. Be1+ Kxh3 55. Rxc1 g4+ 56. Ke2 Nd6 57. Rc2 Ra7 58. Ne6 Kg2 59. Nd4 h5 60. Bb4 Ne4 61. Nxf5 Rb7 62. Be1 Rb3 63. d6 Nf6 1-0

[Event "Baden-ch op"]
[Site "Badenweiler"]
[Date "2009.06.01"]
[Round "1"]
[White "Roes, Helge"]
[Black "Muheim, Sebastien"]
[Result "1-0"]
[WhiteElo "2165"]
[BlackElo "2031"]
[PlyCount "55"]
[EventDate "2009.06.01"]
[EventType "swiss"]
[EventRounds "9"]
[EventCountry "GER"]
[SourceTitle "EXT 2010"]
[Source "ChessBase"]
[SourceDate "2010.11.25"]
[SourceVersion "1"]
[SourceVersionDate "2010.11.25"]
[SourceQuality "1"]

1. d4 f5 2. Nf3 Nf6 3. c4 g6 4. Nc3 Bg7 5. g3 0-0 6. Bg2 d6 7. 0-0 Qe8 8. e4 fxe4 9. Ng5 Bg4 10. Qb3 Nc6 11. Qxb7 Nxd4 12. Ngxe4 Nxe4 13. Bxe4 Qd7 14. f4 e5 15. Nd5 Bf5 16. Bxf5 Nxf5 17. Nxc7 Rac8 18. Qd5+ Kh8 19. Ne6 Rfe8 20. Nxg7 Qxg7 21. b4 exf4 22. Bxf4 Qc3 23. Rac1 Qxb4 24. g4 Ng7 25. Bxd6 Qa4 26. Be5 Qa3 27. Bxg7+ Kxg7 28. Rf7+ 1-0

[Event "FRA-ch U16"]
[Site "Aix les Bains"]
[Date "2009.04.23"]
[Round "6"]
[White "Netzer, Jacques"]
[Black "Muheim, Sebastien"]
[Result "1/2-1/2"]
[WhiteElo "2139"]
[BlackElo "2031"]
[PlyCount "43"]
[EventDate "2009.04.19"]
[EventType "swiss"]
[EventRounds "9"]
[EventCountry "FRA"]
[SourceTitle "CBM 130 Extra"]
[Source "ChessBase"]
[SourceDate "2009.07.02"]
[SourceVersion "2"]
[SourceVersionDate "2009.07.15"]
[SourceQuality "1"]

1. Nf3 f5 2. d3 d6 3. e4 Nf6 4. e5 dxe5 5. Nxe5 Nbd7 6. Nxd7 Bxd7 7. Bf4 e6 8. d4 Bc6 9. Nc3 Qd7 10. f3 0-0-0 11. Bc4 Bb4 12. Be5 Nd5 13. Qd3 Nxc3 14. bxc3 Bd6 15. Qe2 Bxe5 16. Qxe5 Bd5 17. Bb3 Qc6 18. Qe3 Rhe8 19. 0-0 a5 20. a4 Bxb3 21. cxb3 Qb6 22. Rab1 1/2-1/2

[Event "FRA-chT U20 0809"]
[Site "Sautron"]
[Date "2009.01.03"]
[Round "5.1"]
[White "Muheim, Sebastien"]
[Black "Ider, Borya"]
[Result "0-1"]
[WhiteElo "2019"]
[BlackElo "2156"]
[PlyCount "86"]
[EventDate "2008.10.??"]
[EventType "team-tourn"]
[EventRounds "11"]
[EventCountry "FRA"]
[SourceTitle "EXT 2010"]
[Source "ChessBase"]
[SourceDate "2010.11.25"]
[SourceVersion "1"]
[SourceVersionDate "2010.11.25"]
[SourceQuality "1"]

1. d4 Nf6 2. c4 e6 3. Nc3 Bb4 4. a3 Bxc3+ 5. bxc3 c5 6. e3 0-0 7. Bd3 Nc6 8. Nf3 d6 9. e4 e5 10. d5 Ne7 11. h3 Ne8 12. g4 Ng6 13. Bg5 Qa5 14. Qd2 h6 15. Be3 Qd8 16. g5 hxg5 17. Bxg5 f6 18. Be3 f5 19. Bg5 Qc7 20. Rg1 fxe4 21. Bxe4 Bf5 22. Qe2 Bxe4 23. Qxe4 Qf7 24. Be3 Qxf3 25. Qxg6 Qxh3 26. 0-0-0 Qf5 27. Qg3 Rb8 28. Rd2 b5 29. Rb2 Qd3 30. Bh6 Rf3 31. Qg4 Qxc3+ 32. Kb1 Qd3+ 33. Kc1 Qf5 34. Qxf5 Rxf5 35. cxb5 Kf7 36. Be3 Nc7 37. Rd1 Rxb5 38. Rxb5 Nxb5 39. Kb2 a6 40. a4 Nc7 41. Kc3 Rh5 42. a5 Nb5+ 43. Kb3 Rh4 0-1

[Event "FRA-chT U20 0809"]
[Site "Sautron"]
[Date "2009.01.03"]
[Round "6.1"]
[White "Saatdjian, Stephane"]
[Black "Muheim, Sebastien"]
[Result "0-1"]
[WhiteElo "1872"]
[BlackElo "2019"]
[PlyCount "36"]
[EventDate "2008.10.??"]
[EventType "team-tourn"]
[EventRounds "11"]
[EventCountry "FRA"]
[SourceTitle "EXT 2010"]
[Source "ChessBase"]
[SourceDate "2010.11.25"]
[SourceVersion "1"]
[SourceVersionDate "2010.11.25"]
[SourceQuality "1"]

1. e4 c5 2. Nf3 d6 3. d4 cxd4 4. Nxd4 Nf6 5. Nc3 a6 6. g3 e6 7. Bg2 Be7 8. 0-0 0-0 9. Be3 Nc6 10. a4 Qc7 11. Nb3 Ne5 12. Qe2 Nc4 13. Bc1 Bd7 14. Nd2 Nxd2 15. Bxd2 Bc6 16. Rfb1 Nd7 17. Bf4 Nf6 18. Be3 Rac8 0-1

[Event "FRA-chT2 East 0809"]
[Site "France"]
[Date "2008.12.14"]
[Round "4.2"]
[White "Xheladini, Fikri"]
[Black "Muheim, Sebastien"]
[Result "0-1"]
[WhiteElo "2094"]
[BlackElo "2019"]
[PlyCount "49"]
[EventDate "2008.10.19"]
[EventType "team-tourn"]
[EventRounds "11"]
[EventCountry "FRA"]
[SourceTitle "EXT 2010"]
[Source "ChessBase"]
[SourceDate "2010.11.25"]
[SourceVersion "1"]
[SourceVersionDate "2010.11.25"]
[SourceQuality "1"]
[WhiteTeam "Mulhouse IV"]
[BlackTeam "Mulhouse III"]
[WhiteTeamCountry "FRA"]
[BlackTeamCountry "FRA"]

1. e4 c5 2. Bc4 d6 3. c3 Nf6 4. Qe2 Nc6 5. a3 a6 6. d3 b5 7. Bb3 Bb7 8. f4 g6 9. Nf3 e6 10. Bc2 Bg7 11. 0-0 0-0 12. Qf2 Nd7 13. Be3 f5 14. Ng5 Qf6 15. Bb3 Rae8 16. Nd2 h6 17. Ngf3 Nd8 18. Qg3 Nf7 19. a4 b4 20. Rac1 Kh7 21. Qh3 a5 22. Ng5+ Kg8 23. Nxf7 Rxf7 24. Nc4 Bf8 25. Nxa5 0-1

[Event "Martigny op 17th"]
[Site "Martigny"]
[Date "2008.08.02"]
[Round "2"]
[White "Burnier, David"]
[Black "Muheim, Sebastien"]
[Result "1-0"]
[WhiteElo "2343"]
[BlackElo "2013"]
[PlyCount "43"]
[EventDate "2008.08.01"]
[EventType "swiss"]
[EventRounds "9"]
[EventCountry "SUI"]
[SourceTitle "EXT 2009"]
[Source "ChessBase"]
[SourceDate "2008.11.26"]
[SourceVersion "1"]
[SourceVersionDate "2008.11.26"]
[SourceQuality "1"]

1. d4 f5 2. c4 Nf6 3. Nc3 g6 4. h4 Bg7 5. h5 Nxh5 6. e4 Nf6 7. e5 Ne4 8. Nxe4 fxe4 9. Bh6 Bxh6 10. Rxh6 d6 11. Qd2 Nc6 12. 0-0-0 0-0 13. Qe3 Nb4 14. a3 Nd3+ 15. Bxd3 exd3 16. Nf3 Bg4 17. Rdh1 Bxf3 18. Rxh7 Bc6 19. Qh6 d2+ 20. Kxd2 Rxf2+ 21. Kc3 Rxg2 22. Qg7# 1-0